000 00985nac a22002891i 4500
003 EG-ScBUE
005 20250528101850.0
008 250306r20041988ii a f 001 0 eng d
020 _a0070540748
020 _a9780070540743
040 _aEG-ScBUE
_beng
_erda
_cEG-ScBUE
_dEG-ScBUE
082 0 4 _a530.076
_bHAL
_222
100 1 _aHalpern, Alvin M.,
_eauthor.
245 1 0 _a3000 solved problems in physics /
_cby Alvin Halpern, Ph.D., Brooklyn College.
246 3 3 _aThree thousand solved problems in physics
250 _aFourth reprint edition.
264 1 _aNew Delhi :
_bTata McGraw-Hill Publishing Company Limited,
_c2004.
300 _axxviii, 751 pages :
_billustrations ;
_c28 cm.
336 _2rdacontent
_atext
_btxt
337 _aunmediated
_2rdamedia
_bn
338 _avolume
_bnc
_2rdacarrier
490 0 _aSchaum's solved problems series
500 _aIncludes index.
650 7 _aPhysics
_xProblems, exercises, etc.
_2BUEsh
655 _vReading book
942 _cBB
_2ddc
999 _c134
_d134